Les Alpes-Maritimes en image - Statistiques

Statistiques générales
  • Ce quiz a été pris 53 fois
  • Le résultat moyen est 10 sur 18
Statistiques - réponses
Par images Hint Réponse % Correct
Festival de cinéma Cannes
100%
Préfécture Nice
100%
Avenue Promenade des {anglais}
100%
Footballeur Hugo Lloris
93%
Club de football OGC Nice
91%
Femme politique Simone Veil
87%
Sous-préfécture Grasse
82%
Parc national Parc national du {Mercantour}
82%
Spécialité cullinaire Socca
69%
Spécialité cullinaire Pain bagnat
64%
Club de Football AS Cannes
56%
Château Château de la {Napoule}
31%
Ancien pays Comté de Nice
29%
Rivière Bévéra
16%
Sommet Cime du Gélas
9%
Film La Baie des Anges
9%
Journal Le Patriote Côte d'Azur
9%
Peintre et photographe Charles Nègre
2%
Aucun quiz correspondant
Distribution des résultats
% des personnes avec chaque résultat
Percentile par nombre de réponses
Votre historique - résultats
Vous n’avez pas pris ce quiz